Banking securities in Malaysia : a handbook for bankers, senior executives, businessmen, lawyers and judges

Bibliographic Details
Main Author: Ong, Kok Bin (Author)
Format: Book
Language:English
Published: Selangor : Pelanduk Publications 2001
Edition:Revised edition
Subjects:

MARC

LEADER 00000cam a2200000 7i4500
001 0000013862
005 20241024.0
008 031106 my a eng
020 |a 9679784738 
040 |a INS   |b eng   |e rda 
090 0 0 |a HG4621   |b .O58 2001 
100 1 |a Ong, Kok Bin ,   |e author 
245 1 0 |a Banking securities in Malaysia :   |b a handbook for bankers, senior executives, businessmen, lawyers and judges   |c Ong Kok Bin 
250 |a Revised edition 
264 1 |a Selangor :   |b Pelanduk Publications   |c 2001 
300 |a 167 pages :   |b illustrations ;   |c 22 cm. 
336 |a text  |2 rdacontent 
337 |a unmediated  |2 rdamedia 
338 |a volume  |2 rdacarrier 
650 0 |a Securities   |z Malaysia 
650 0 |a Securities   |z Malaysia   |x Handbooks, manuals, etc. 
999 |a 0000009849   |b BOOK   |c Open Shelf   |e Default branch 
999 |a 0000017163   |b BOOK   |c Open Shelf   |e Default branch 
999 |a 0000017164   |b BOOK   |c Open Shelf   |e Default branch 
999 |a 0000017165   |b BOOK   |c Open Shelf   |e Default branch